000 01369cam a2200361 i 4500
999 _c1176
_d1176
001 17197885
003 OSt
005 20220805103534.0
008 120306s2012 nyu 000 1 eng
010 _a 2012009893
020 _a9780062026873 (pbk.)
040 _aDLC
_beng
_cDLC
_erda
_dKH8
042 _apcc
043 _aa-cy---
082 _aFIC GAL
100 1 _aGalland, Nicole.
_eAuthor
245 1 0 _aI, Iago /
_cNicole Galland.
250 _aFirst edition.
264 1 _aNew York, NY :
_bWilliam Morrow, an imprint of HarperCollins Publishers,
_c[2012]
300 _a370, 16 pages ;
_c21 cm
336 _atext
_2rdacontent
337 _aunmediated
_2rdamedia
338 _avolume
_2rdacarrier
520 _a"From the author of The Fool's Tale comes a brilliantly-crafted retelling of Shakespeare's Othello in which the "true" motivations of literature's greatest villain, Iago, are revealed"--
_cProvided by publisher.
650 0 _aIago (Fictitious character)
_vFiction.
650 0 _aBrothers
_vFiction.
650 0 _aMurder
_xInvestigation
_vFiction.
650 7 _aFICTION / Historical.
_2bisacsh
651 0 _aCyprus
_xHistory
_yVenetian rule, 1474-1570
_vFiction.
906 _a7
_bcbc
_corignew
_d1
_eecip
_f20
_gy-gencatlg
942 _2ddc
_cFIC